At what age can you....? (Scotland & Britain) - Statistics

General Stats
  • This quiz has been taken 108 times
  • The average score is 6 of 14
Answer Stats
Hint Explanation Answer % Correct
Buy alcohol in Scotland 18
87%
Vote in a general election elsewhere in the UK 18
76%
Age of consent (Scotland) Age of sexual consent. 16
72%
Age of consent (rest of the UK) Age of sexual consent. 16
69%
Drink alcohol with a meal at a restaurant (if with an adult), anywhere in the UK 16
60%
Drive in Scotland 17
57%
Drive elsewhere in the UK 17
53%
Vote in a general election in Scotland 18
45%
Vote in a Scottish Parliament election 16
35%
Drink alcohol at home in England, Scotland, and Wales 5
24%
Age of criminal responsibility (England and Wales) 10
19%
Age of criminal responsibility (Scotland) 12
19%
Do part-time work There are a few special exceptions to this, such as acting. 13
10%
Apply to be on the electoral register in Scotland 14
9%
No matching quizzes found
Score Distribution
Percent of People with Each Score
Percentile by Number Answered
Your Score History
You have not taken this quiz